El Corsario Negro : una versión para chicos de la novela de Emilio Salgari /

Guardado en:
Autor Principal: Salgari, Emilio.
Otros Autores: Weissfeld, Claudio; adap., Gouric, Martín; il.
Formato: Libro
Idioma:Undetermined
Publicado: Buenos Aires : Estrada, 2014.
Series:Azulejos. Niños / Alejandro Palermo ; 36
Materias:
Etiquetas: Agregar Etiqueta
Sin Etiquetas, Sea el primero en etiquetar este registro!
LEADER 00787nam a22002175a 4500
001 CEM.cems019500
008 220906s2014####ag############000#0#und#d
005 20220906091021.0
245 1 0 |a El Corsario Negro :  |b una versión para chicos de la novela de Emilio Salgari /  |c Emilio Salgari; adaptado por Claudio Weissfeld; ilustrado por Martín Gouric. 
260 |a Buenos Aires :  |b Estrada,  |c 2014. 
300 |a 176 p. 
490 1 |a Azulejos. Niños / Alejandro Palermo ;  |v 36 
020 |a 9789500111195 
100 1 |a Salgari, Emilio. 
700 1 |a Weissfeld, Claudio; adap. 
700 1 |a Gouric, Martín; il. 
653 |a Literatura 
653 |a Literatura Argentina 
653 |a Novela 
653 |a Literatura Juvenil 
859 |a CEMS  |b BIB. CEMS - Inicial y Primaria  |h A863.4  |i Sa329  |k IP  |p 6356  |t Ej.1